Republic of Moldova: diaspora and diaspora policy
Moldavská diaspóra a moldavská politika týkajúca sa fenoménu diaspóry. Historické a súčasné kontexty formovania moldavskej diaspóry a analýza úlohy pracovnej migrácie moldavských občanov ako aj vznik moldavských komunít a diaspór v zahraničí. Hlavné smery politiky moldavskej diaspóry: bezvízový...
Uložené v:
| Hlavný autor: | |
|---|---|
| Médium: | Kapitola |
| Jazyk: | English |
| Predmet: | |
| Tagy: |
Žiadne tagy, Buďte prvý, kto otaguje tento záznam!
|
MARC
| LEADER | 00000naa a2200000 4500 | ||
|---|---|---|---|
| 001 | 0190929 | ||
| 005 | 20240417075046.2 | ||
| 041 | 0 | |a eng | |
| 044 | |a SK | ||
| 245 | 1 | 0 | |a Republic of Moldova: diaspora and diaspora policy |c Valeriu Mosneaga |
| 520 | |a Moldavská diaspóra a moldavská politika týkajúca sa fenoménu diaspóry. Historické a súčasné kontexty formovania moldavskej diaspóry a analýza úlohy pracovnej migrácie moldavských občanov ako aj vznik moldavských komunít a diaspór v zahraničí. Hlavné smery politiky moldavskej diaspóry: bezvízový režim a znovuprijatie; mobilita a kruhová migrácia; právna a sociálna ochrana moldavských migrantov v zahraničí; návrat a opätovná integrácia moldavských pracovných migrantov do spoločnosti vo vlasti. Analýza úlohy štátnych orgánov vo vývoji a implementácii migračnej politiky na národnej úrovni. | ||
| 610 | 2 | 0 | |a Moldavsko |
| 610 | 2 | 0 | |a migrácia |
| 610 | 2 | 0 | |a história |
| 610 | 2 | 0 | |a politika migračná |
| 610 | 2 | 0 | |a politika vnútorná |
| 100 | 1 | |a Mosneaga, Valeriu | |